| 000 | 01246nam a2200313 4500 | ||
|---|---|---|---|
| 001 | 13 | ||
| 003 | OSt | ||
| 005 | 20250528074009.0 | ||
| 008 | 250120b |||||||j |||| 00| 1 eng d | ||
| 020 | _a9788581630625 | ||
| 040 | _bpor | ||
| 041 |
_heng _apor |
||
| 082 |
_air820 _bA285p |
||
| 100 | 1 |
_aAhern, Cecelia, _d1981- _924 |
|
| 240 | _aP.S I love you | ||
| 245 |
_aP.S. Eu te amo / _cAhern, Cecelia ; Tradução de Carolina Caires Coelho |
||
| 260 |
_aSão Paulo _bNovo Conceito _c2012 |
||
| 300 | _a365 p. | ||
| 520 | _aGerry e Holly eram namorados de infância e ficariam juntos para sempre, até que o inimaginável acontece e Gerry morre, deixando-a devastada. Conforme seu aniversário de 30 anos se aproxima, Holly descobre um pacote de cartas nas quais Gerry, gentilmente, a guia em sua nova vida sem ele. Com ajuda de seus amigos e de sua família barulhenta e carinhosa, Holly consegue rir, chorar, cantar, dançar e ser mais corajosa do que nunca. | ||
| 650 | 0 |
_aLiteratura Irlandesa _987 |
|
| 650 | 0 |
_aDrama _918 |
|
| 650 | 0 |
_aAmor e Paixão _925 |
|
| 650 | 0 |
_aFilme _926 |
|
| 650 | 0 |
_aSuperação _927 |
|
| 655 | 0 |
_aRomance _923 |
|
| 655 | 0 |
_aFicção _922 |
|
| 700 |
_eTradutor _aCarolina Caires Coelho |
||
| 942 |
_2ddc _n0 _cBK |
||
| 999 |
_c13 _d13 |
||